| 000 | 00592nam a2200193Ia 4500 | ||
|---|---|---|---|
| 008 | 140626s9999 xx 000 0 und d | ||
| 100 | _aJohnson, Stephanie. | ||
| 245 |
_aIdentification and management of malignant skin lesions among older adults / _cStephanie Johnson ... [et al.]. |
||
| 260 | _cc2012. | ||
| 300 | _a8 : 8, page 610 | ||
| 440 | _aThe Journal for Nurse Practitioners (JNP) | ||
| 521 | _aNUR | ||
| 650 | _aGeriatric. | ||
| 650 | _aMalignant melanoma. | ||
| 650 | _aManagement for skin lesions. | ||
| 650 | _aOlder adults. | ||
| 650 | _aSkin lesions. | ||
| 942 | _cSE | ||
| 999 |
_c121432 _d121432 |
||